Statistics for 16 Great Turkic Empires

Click here to take the quiz!

General Stats

  • This quiz has been taken 54 times
  • The average score is 6 of 16

Answer Stats

HintAnswer% Correct
1299-1922Ottoman Empire
100%
1040-1157Great Seljuk Empire
63%
1526-1858Mughal Empire
58%
1368-1501Timurid Empire
55%
745-1368Uyghur Khaganate
42%
1236-1502Golden Horde State
39%
552-745Gokturk Khaganate
37%
220 BC-216 ADGreat Hunnic Empire
37%
565-835Avar Khaganate
32%
651-983Khazar Khaganate
32%
375-469European Hunnic Empire
29%
962-1183Ghaznavid State
26%
840-1212Karakhanid State
18%
420-552White Hunnic Empire
13%
1097-1231Khwarazmian Empire
8%
48 BC-216 ADWest Hunnic Empire
5%

Score Distribution

Percentile by Number Answered

Percent of People with Each Score

Your Score History

You have not taken this quiz